000 01108nam a2200265 i 4500
003 EG-ScBUE
005 20231114101850.0
008 120418s1997 ua f 000 0 bara d
017 _a97 / 4658
040 _aEG-ScBUE
_bara
_erda
_cEG-ScBUE
_dEG-ScBUE
043 _af-ua---
082 0 4 _a928.1
_bف ر ا
_222
100 1 _aفراج، أحمد،
_eمؤلف.
245 1 2 _aالفقي شاعرا :
_bمؤسسة يماني الثقافية الخيرية : جائزة الشاعر محمد حسن فقي : احتفالية الدورة الثانية /
_cأحمد فراج.
264 1 _aالقاهرة :
_bالزهراء للإعلام العربي،
_c[1997?]
300 _a455 صفحة ؛
_c22 سم
336 _2rdacontent
_aنص
_btxt
337 _aبدون وسيط
_2rdamedia
_bn
338 _aمجلد
_bnc
_2rdacarrier
600 1 7 _2BUEsh
_a‪فقي، محمد حسن،
_d‪1914-2004.
650 7 _929657
_aالشعراء العرب
_zمصر
_vتراجم.
_2BUEsh
650 7 _a‪الشعر العربي
_x‪تاريخ
_y‪العصر الحديث.
_2BUEsh
655 _vReading book
942 _2ddc
_cBB
999 _c16660
_d16660